Gaming Quiz

Random Gaming Quiz

Foursomes Earthbound Quiz Stats

 Plays Quiz not verified by Sporcle

Support Sporcle.
Go Orange.
Score 0/80 Timer 08:00
0 Plays Today
Column Answer % Correct
Column 1Number Towns
92.3%
Column 2Number Towns
92.3%
Column 3Number Towns
92.3%
Column 4Number Towns
92.3%
Column 1Protagonists
80.8%
Column 2Protagonists
80.8%
Column 3Protagonists
80.8%
Column 4Protagonists
80.8%
Column 1Spell Levels
78.4%
Column 2Spell Levels
78.4%
Column 3Spell Levels
78.4%
Column 4Spell Levels
78.4%
Column 1Sanctuary Locations
76%
Column 2Sanctuary Locations
76%
Column 3Sanctuary Locations
76%
Column 4Sanctuary Locations
76%
Column 1Character Stats
75.6%
Column 2Character Stats
75.6%
Column 3Character Stats
75.6%
Column 4Character Stats
75.6%
Column 1Sanctuary Bosses
71.1%
Column 2Sanctuary Bosses
71.1%
Column 3Sanctuary Bosses
71.1%
Column 4Sanctuary Bosses
71.1%
Column 1Non-Number Towns
70.4%
Column 2Non-Number Towns
70.4%
Column 3Non-Number Towns
70.4%
Column 4Non-Number Towns
70.4%
Column 1Rare Drop Weapons
67.9%
Column 2Rare Drop Weapons
67.9%
Column 3Rare Drop Weapons
67.9%
Column 4Rare Drop Weapons
67.9%
Column 1Starman Types
67.6%
Column 2Starman Types
67.6%
Column 3Starman Types
67.6%
Column 4Starman Types
67.6%
Column 1Party Followers
65.2%
Column 2Party Followers
65.2%
Column 3Party Followers
65.2%
Column 4Party Followers
65.2%
Column Answer % Correct
Column 1'of Kings' Equipment
64.5%
Column 2'of Kings' Equipment
64.5%
Column 3'of Kings' Equipment
64.5%
Column 4'of Kings' Equipment
64.5%
Column 1Jeff-only Tools/Goods
62%
Column 1PSI Spells
62%
Column 2Jeff-only Tools/Goods
62%
Column 2PSI Spells
62%
Column 3PSI Spells
62%
Column 3Jeff-only Tools/Goods
62%
Column 4Jeff-only Tools/Goods
62%
Column 4PSI Spells
62%
Column 1Inventors
60.6%
Column 2Inventors
60.6%
Column 3Inventors
60.6%
Column 4Inventors
60.6%
Column 1Map Markers
58.9%
Column 2Map Markers
58.9%
Column 3Map Markers
58.9%
Column 4Map Markers
58.9%
Column 1Means of Transportation
56.8%
Column 2Means of Transportation
56.8%
Column 3Means of Transportation
56.8%
Column 4Means of Transportation
56.8%
Column 1Phone Options
56.4%
Column 2Phone Options
56.4%
Column 3Phone Options
56.4%
Column 4Phone Options
56.4%
Column 1Human Bosses
55.4%
Column 2Human Bosses
55.4%
Column 3Human Bosses
55.4%
Column 4Human Bosses
55.4%
Column 1Battle Options
55.1%
Column 2Battle Options
55.1%
Column 3Battle Options
55.1%
Column 4Battle Options
55.1%
Column 1Has predicted this...
54.4%
Column 2Has predicted this...
54.4%
Column 3Has predicted this...
54.4%
Column 4Has predicted this...
54.4%

You're not logged in!

Compare scores with friends on all Sporcle quizzes.
OR
Log In

From the Vault

Follow That Line: The West Wing

by goseaward

A lot of these quotes are probably more believable than real things that have been said in the White House.
Remove Ads.
Support Sporcle.
Get the best of Sporcle when you Go Orange. This ad-free experience offers more features, more stats, and more fun while also helping to support Sporcle. Thank you for becoming a member.

Show Comments

Extras

Created Feb 24, 2011ReportNominate
Tags:earthbound, foursome, Mother, set

Top Quizzes Today


Score Distribution

Your Account Isn't Verified!

In order to create a playlist on Sporcle, you need to verify the email address you used during registration. Go to your Sporcle Settings to finish the process.

Report this User

Report this user for behavior that violates our Community Guidelines.

Details: